Softwarové inženýrství v praxi

Predpoklady pokroku v softwarovom inžinierstve. Úlohy, ktoré dokážu odborníci riešiť veľmi dobre, ktoré menej dobre a ktoré nevedia riešiť vôbec. Software engineering ako systematický postup pri vývoji, aplikácii, údržbe a vyradení softwaru z prevádzky a jeho hlavné ciele. Smery ďalšieho vývoja soft...

Descrizione completa

Salvato in:
Dettagli Bibliografici
Autore principale: Ludewig, J.
Natura: Capitolo di libro
Lingua:ceco
Soggetti:
Tags: Aggiungi Tag
Nessun Tag, puoi essere il primo ad aggiungerne!!

MARC

LEADER 00000naa a2200000 4500
001 r000810
005 20221213082544.3
041 0 |a cze 
044 |a CZ 
245 1 0 |a Softwarové inženýrství v praxi  |c J. Ludewig 
520 |a Predpoklady pokroku v softwarovom inžinierstve. Úlohy, ktoré dokážu odborníci riešiť veľmi dobre, ktoré menej dobre a ktoré nevedia riešiť vôbec. Software engineering ako systematický postup pri vývoji, aplikácii, údržbe a vyradení softwaru z prevádzky a jeho hlavné ciele. Smery ďalšieho vývoja softwarového inžinierstva. Programovanie zamerané na objekt a logické programovanie. (Technische Rundschau 1993, č.33, s.26-31). 
610 2 0 |a inžinierstvo softvérové 
610 2 0 |a softvér 
610 2 0 |a programovanie 
610 2 0 |a programovanie objektové 
100 1 |a Ludewig, J.